Scientists Spelling Test Quiz Stats

 Plays Quiz Updated Jan 16, 2018

Challenge
Share
Tweet
Embed
Score 0/20 Timer 05:00
7 Plays Today
Question Answer Wrong Answers
Mathematics Pythagoras
89.1%
Pythagorus
10.8%
Theoretical physics Stephen Hawking
85.5%
Steven Hawking
4.6%
Vaccination Louis Pasteur
79.8%
Louis Pastuer
6.5%
Louis Pasture
1.8%
Louis Pastor
1.9%
Chemistry Robert Bunsen
76.9%
Robert Bunson
13.6%
Astrophysics Neil deGrasse Tyson
74.9%
Neal deGrasse Tyson
9%
Neil deGrass Tyson
4.5%
Neil deGrase Tyson
4.5%
Quantum physics Niels Bohr
74.3%
Neils Bohr
19%
Niel Boer
1.7%
Neil Boer
2.9%
Astronomy Carl Sagan
70.2%
Karl Sagan
11.5%
Carl Sagen
6.4%
Karl Sagen
6%
Computer Science Alan Turing
70%
Allen Turing
7.1%
Allan Turing
12.8%
Alen Turing
1.7%
Astronomy Johannes Kepler
66.3%
Johan Keppler
8.3%
Johann Keppler
17.7%
Johan Kepler
6.8%
Electromagnetism Michael Faraday
64.8%
Michael Farraday
21.7%
Michael Fareday
1.7%
Michael Farady
3.7%
Taxonomy Carl Linnaeus
64.7%
Carl Lynneus
4.6%
Carl Linneus
17.3%
Carl Linnaus
6.6%
Quantum mechanics Werner Heisenberg
57.8%
Wernher Heisenberg
11.9%
Werner Heisenburg
12.6%
Werner Hiesenberg
8.2%
Geography Eratosthenes
57.2%
Eratothenes
11.2%
Eratophenes
21.1%
Eratospenes
5.1%
Astronomy Tycho Brahe
56.1%
Tyho Brache
15%
Tyche Braho
7.1%
Tyco Bragh
11.6%
Radioactivity Henri Becquerel
55.8%
Henri Becquerele
8.1%
Henri Becquerell
13.6%
Henri Becqueral
13.1%
Microbiology Antonie van Leeuwenhoek
47.5%
Antonie von Leeuwenhoek
48.6%
Mathematics Fibonacci
47.1%
Fibonnacci
24.4%
Fibbonacci
18.1%
Fibonacce
1.8%
Nuclear fission Lise Meitner
36.6%
Lisa Mitnier
5.5%
Lisa Meitner
35.1%
Lisa Mietner
12.8%
Radio frequency Hedy Lamarr
34.8%
Heddy Lamar
21.5%
Hedy Lamar
24.1%
Heddy Lamarr
10.8%
Primatology Dian Fossey
29.6%
Diane Fossey
52.3%
Diane Fossy
7.3%
Dian Fossie
3.1%

You're not logged in!

Compare scores with friends on all Sporcle quizzes.
OR
Log In

You Might Also Like...

Show Comments

Extras

Top Quizzes Today


Score Distribution

Your Account Isn't Verified!

In order to create a playlist on Sporcle, you need to verify the email address you used during registration. Go to your Sporcle Settings to finish the process.

Report this User

Report this user for behavior that violates our Community Guidelines.

Details: